000 00379nam a2200169Ia 4500
001 26360
003 IN-NITTTR
005 20251114233331.0
008 251113s9999||||xx |||||||||||||| ||eng||
040 _beng
040 _cIN-NITTTR
041 _aeng
082 _a639.2 A15F
100 _aAgarwal, S. C.
245 0 _aFishery management /
_cAgarwal, S. C.
942 _2ddc
_cBK
999 _c28989
_d28989